01575nam a22001697a 4500999001900000008004100019100005700060245014700117260003200264300002900296520082000325650009401145773003201239906002301271942000701294952010401301 c530322d530322250605b ||||| |||| 00| 0 eng d aWang, Linzhuo Wang, Xinnan and Liu, Xuemei 954237 aProject governance and governance of interorganizational project networks: Toward understanding their relationships and future research agenda aProject Management Journal  a56(1), Feb,2025: p.31-40 aThis article considers and reflects upon the mark that Ralf Müller made through his published research on project governance. From project governance to governance of interorganizational project networks, Müller, along with his coauthors, has made significant contributions to project governance literature. In light of these two decades of theoretical development, we compare and synthesize the key elements of project governance and network governance. We provide a model that integrates project governance and network governance and propose several main themes for future research, including investigation of network governors, network governance design, mechanisms and principles, and its impact on improved project performance.- Reproduced https://journals.sagepub.com/doi/full/10.1177/87569728241241506  aProject governance, Governance of interorganiazational networks, Research agenda. 954111 aProject Management Journal  aPROJECT MANAGEMENT cAR 00102ddc40709405516aIIPAbIIPAd2025-06-05h56(1), Feb,2025: p.31-40pAR136137r2025-06-05yAR